000 00385nam a2200145Ia 4500
008 240729s9999 xx 000 0 und d
022 _a1995-5596
245 0 _aZanco Journal of Medical Sciences
260 _aIraq
260 _bHawler Medical University
650 _aMedicine
856 _uhttps://doaj.org/toc/06e888812a134e90b5eee377e51330ae
942 _2ddc
942 _cDOAJEJ
999 _c68777
_d68777
945 _a1
_bMadushi Gamage
_c1
_dMadushi Gamage